| 000 | 00000nas 2200000za 4500 |
| 001 | 9.845990 |
| 003 | CaOODSP |
| 005 | 20241203113640 |
| 007 | cr ||||||||||| |
| 008 | 171024d19802016abcuu m #||||f0 a0eng|d |
| 040 | |aCaOODSP|beng |
| 043 | |an-cn--- |
| 086 | 1 |aFo29-2E-PDF |
| 245 | 00|aForest management note. |
| 260 | |aEdmonton : |bNorthern Forest Research Centre, |c1980-2016. |
| 362 | 0 |aBegan with Note no. 1; ceased with Note no. 66. |
| 500 | |aIssued also in French under title: Bulletin de la gestion forestière. |
| 530 | |aIssued also in print. |
| 546 | |aSome issues are published in French. |
| 550 | |aImprint varies: Mar. 1985-199-, Northern Forestry Centre; 199--2016, Northwest Region, Forestry Canada. |
| 692 | 07|2gccst|aForest management |
| 710 | 1 |aCanada. |bEnvironment Canada. |
| 710 | 1 |aCanada. |bForestry Canada. |
| 710 | 2 |aNorthern Forest Research Centre (Canada) |
| 710 | 2 |aNorthern Forestry Centre (Canada) |
| 710 | 1 |aCanada. |bNatural Resources Canada. |bCanadian Forest Service. |
| 775 | 08|tBulletin de la gestion forestière |w(CaOODSP)9.845993 |
| 776 | 0#|tForest management note|w(CaOODSP)9.514634 |